000 00614nam a2200193 a 4500
001 000035325
005 20200930074247.0
008 111027s1964 mx 000 0 spa d
040 _aDO-SdBNP
_bspa
_cBNPHU
082 _axxxx
_axxxx
100 1 _aBernal, J. D.
_961097
245 1 3 _aLa ciencia de la ciencia /
_cJ. D. Bernal.
260 _aMéxico, :
_bGrijalbo,
_c1964.
300 _a361 p. ;
_c20 cm.
490 1 _aDina
504 _aIncluye referencias bibliográficas y notas al pie de las páginas
590 _aPerteneció a la biblioteca personal de Juan Isidro Jimenes Grullón.
830 0 _aDina
_961098
999 _c34816
_d34816